000 01206 a2200205 4500
003 Nust
005 20170207154029.0
010 _a 2001022528
020 _a0201722186 (pbk./CD-ROM)
040 _cNust
082 0 0 _a621.382
100 1 _aLoomis, Don.
245 1 4 _aThe TINI specification and developer's guide - (E-BOOK)
_cDon Loomis.
260 _aBoston, MA :
_bAddison-Wesley,
_cc2001.
300 _axv, 365 p. :
_bill. ;
_c24 cm. +
_e1 computer optical disc (4 3/4 in.)
505 _aCHAPTER 1 The TINI Platform (Page-1) CHAPTER 2 Getting Started .(Page-23) CHAPTER 3 Serial Communication(Page-51) CHAPTER 4 The 1-Wire Net (Page-81) CHAPTER 5 TCP/IP Networking(page-111) CHAPTER 6 Dial-Up Networking Using PPP(Page-139) CHAPTER 7 Building a Remote Data Logger(Page-147) CHAPTER 8 Parallel I/O(Page-181) CHAPTER 9 Just the Bits(page-199) CHAPTER 10 Accessing System Resources(Page-209) CHAPTER 11 Application Programming Tips(Page-225)
538 _aSystem requirements for computer disc: Windows 95, Windows 98, Windows NT, Windows 2000, WinME, Solaris, or Linux, JDK installation of 1.2 or higher.
650 0 _aTelecommunication systems
_xDesign and construction
_xData processing.
651 _aE-BOOK
942 _2ddc
_cBK
999 _c192068
_d192068